[Event "Rated Blitz tournament zwSJAZu4"]
[Site "?"]
[Date "2021.03.26"]
[Round "?"]
[White "Starinov"]
[Black "bikmurzin_alexey"]
[Result "1-0"]
[WhiteElo "2417"]
[BlackElo "2248"]
[PlyCount "91"]
[EventDate "2021.??.??"]
[EventType "blitz"]
[TimeControl "180"]

1. e4 e5 2. Nf3 Nc6 3. Nc3 Nf6 4. Nxe5 Nxe5 5. d4 Nxe4 6. Nxe4 Nc6 7. d5 Ne5 8.
d6 cxd6 9. f4 Ng6 10. Bc4 Be7 11. O-O O-O 12. Bd5 Rb8 13. Be3 b6 14. f5 Ne5 15.
f6 Bxf6 16. Nxf6+ gxf6 17. Bh6 Re8 18. Qh5 Bb7 19. Bxb7 Rxb7 20. Rad1 Rc7 21.
c3 Rc5 22. Rxd6 Ng6 23. Qg4 Re6 24. Rfd1 Qe8 25. Rxe6 fxe6 26. h4 f5 27. Qg3 f4
28. Qg4 Qe7 29. Bg5 Qg7 30. Qf3 Rf5 31. Qa8+ Rf8 32. Qxa7 Ne5 33. Qc7 h6 34.
Bxh6 Qxh6 35. Qxe5 f3 36. gxf3 Qxh4 37. Rxd7 Rf7 38. Rxf7 Kxf7 39. Kg2 Qc4 40.
a3 Qd3 41. Qc7+ Kf6 42. Qxb6 Qe2+ 43. Qf2 Qe5 44. Qg3 Qe2+ 45. Kh3 Qxb2 46.
Qh4+ {Time forfeit} 1-0

[Event "Rated Blitz tournament CxkAfbCK"]
[Site "?"]
[Date "2021.03.25"]
[Round "?"]
[White "Pepeoutai"]
[Black "Heinza9"]
[Result "1-0"]
[WhiteElo "2431"]
[BlackElo "2308"]
[PlyCount "29"]
[EventDate "2021.??.??"]
[EventType "blitz"]
[TimeControl "300"]

1. e4 e5 2. Nf3 Nc6 3. Nc3 Nf6 4. Nxe5 Bb4 5. Nxc6 dxc6 6. d3 O-O 7. Be2 Re8 8.
O-O b5 9. Bd2 h6 10. a3 Bc5 11. Bf3 Be6 12. Ne2 Bg4 13. Ng3 Qd7 14. Bc3 Bd4 15.
Bxg4 {Normal} 1-0

[Event "Rated Blitz game"]
[Site "?"]
[Date "2021.03.25"]
[Round "?"]
[White "laNoviadeChucky"]
[Black "DarthZannah"]
[Result "0-1"]
[WhiteElo "2342"]
[BlackElo "2515"]
[PlyCount "74"]
[EventDate "2021.??.??"]
[EventType "blitz"]
[TimeControl "180+2"]

1. e4 e5 2. Nc3 Nf6 3. Nf3 Nc6 4. Nxe5 Nxe5 5. d4 Ng6 6. e5 Ng8 7. Bc4 Bb4 8.
Qf3 Qe7 9. O-O Bxc3 10. bxc3 h5 11. Qd3 Nh6 12. Bxh6 Rxh6 13. f4 b6 14. f5 Nf8
15. Bd5 c6 16. Bf3 Bb7 17. a4 O-O-O 18. a5 Kc7 19. axb6+ axb6 20. Ra7 d5 21.
Qa6 Rb8 22. Rb1 Nd7 23. c4 dxc4 24. Qxc4 Kd8 25. e6 fxe6 26. Rxb7 Rxb7 27. Qxc6
Rc7 28. Qa8+ Rc8 29. Qa7 Qd6 30. fxe6 Qxd4+ 31. Kh1 Rxe6 32. h3 Rc7 33. Qa3 Qc5
34. Qd3 Ke7 35. Rd1 Qxc2 36. Qd4 Qc3 37. Qxg7+ Qxg7 {Time forfeit} 0-1

[Event "Rated Blitz game"]
[Site "?"]
[Date "2021.03.25"]
[Round "?"]
[White "Vihajaisestatulesta"]
[Black "DanielaAndrade"]
[Result "1-0"]
[WhiteElo "2414"]
[BlackElo "2419"]
[PlyCount "61"]
[EventDate "2021.??.??"]
[EventType "blitz"]
[TimeControl "180"]

1. e4 Nf6 2. Nc3 e5 3. Nf3 Nc6 4. Nxe5 Nxe5 5. d4 Bb4 6. dxe5 Nxe4 7. Qd4 Bxc3+
8. bxc3 d5 9. Ba3 c6 10. O-O-O Qb6 11. Qxb6 axb6 12. Kb2 Nxc3 13. Rd2 Be6 14.
f3 b5 15. Bd6 Na4+ 16. Kc1 Nb6 17. c3 Nc4 18. Bxc4 bxc4 19. Kb2 Kd7 20. Ra1 Ra6
21. a4 Rha8 22. g4 Rxa4 23. Rxa4 Rxa4 24. Rg2 f6 25. f4 g6 26. h4 b6 27. h5
gxh5 28. gxh5 fxe5 29. fxe5 Bf5 30. Rg7+ Ke6 31. Re7# {Normal} 1-0

[Event "Rated Blitz game"]
[Site "?"]
[Date "2021.03.25"]
[Round "?"]
[White "Ebuhurejra"]
[Black "weresloth"]
[Result "0-1"]
[WhiteElo "2442"]
[BlackElo "2513"]
[PlyCount "62"]
[EventDate "2021.??.??"]
[EventType "blitz"]
[TimeControl "180"]

1. e4 e5 2. Nf3 Nc6 3. Nc3 Nf6 4. Nxe5 Nxe5 5. d4 Ng6 6. e5 Bb4 7. exf6 Qxf6 8.
Bc4 Qe7+ 9. Be3 c6 10. O-O d5 11. Bd3 O-O 12. Re1 Bd6 13. Qh5 Re8 14. Bd2 Qf8
15. Ne2 Bd7 16. Ng3 Rxe1+ 17. Rxe1 Re8 18. Nf5 Bxf5 19. Bxf5 Rxe1+ 20. Bxe1 Qe7
21. Bd2 Nf8 22. h3 g6 23. Qg4 h5 24. Qf3 gxf5 25. Qxh5 Qe6 26. Qg5+ Ng6 27. h4
Be7 28. Qg3 Bxh4 29. Qb8+ Kg7 30. Qxb7 Qe2 31. Be3 f4 {Normal} 0-1

[Event "Rated Blitz game"]
[Site "?"]
[Date "2021.03.25"]
[Round "?"]
[White "carloseduar100"]
[Black "ariosp"]
[Result "0-1"]
[WhiteElo "2269"]
[BlackElo "2437"]
[PlyCount "94"]
[EventDate "2021.??.??"]
[EventType "blitz"]
[TimeControl "180+2"]

1. e4 e5 2. Nf3 Nc6 3. Nc3 Nf6 4. Nxe5 Nxe5 5. d4 Ng6 6. e5 Ng8 7. Bc4 Bb4 8.
Qf3 Qe7 9. h4 Nh6 10. h5 Nxe5 11. dxe5 Qxe5+ 12. Qe2 Bxc3+ 13. bxc3 Qxe2+ 14.
Bxe2 d5 15. Bxh6 gxh6 16. O-O-O Be6 17. Rhe1 O-O-O 18. Bf3 Rhg8 19. Re5 Rg5 20.
Rde1 Rxe5 21. Rxe5 Rd6 22. a4 Kd7 23. c4 dxc4 24. Bxb7 c6 25. a5 Rd5 26. Rxd5+
cxd5 27. c3 Kd6 28. Kd2 Bg4 29. Ke3 Kc5 30. a6 Bxh5 31. f3 f6 32. Bc8 Bg6 33.
Be6 h5 34. g4 h4 35. f4 h3 36. Kf3 d4 37. cxd4+ Kxd4 38. f5 Be8 39. Kg3 Bb5 40.
g5 fxg5 41. f6 Be8 42. f7 Bxf7 43. Bxf7 c3 44. Bb3 Kd3 45. Kxh3 h5 46. Bf7 c2
47. Bg6+ Kd2 {Normal} 0-1

[Event "Rated Blitz game"]
[Site "?"]
[Date "2021.03.24"]
[Round "?"]
[White "maximsnigurov"]
[Black "Ute-Manfred"]
[Result "0-1"]
[WhiteElo "2536"]
[BlackElo "2583"]
[PlyCount "42"]
[EventDate "2021.??.??"]
[EventType "blitz"]
[TimeControl "180"]

1. Nc3 Nf6 2. e4 e5 3. Nf3 Nc6 4. Nxe5 Nxe5 5. d4 Ng6 6. e5 d5 7. exf6 gxf6 8.
Qf3 c6 9. h4 h5 10. Bd3 Bg4 11. Qe3+ Qe7 12. a3 O-O-O 13. Bd2 Qd7 14. Be2 Re8
15. Qd3 Bf5 16. Qf3 Bxc2 17. Rc1 Be4 18. Nxe4 Rxe4 19. Qxf6 Bd6 20. Be3 Bf4 21.
Bf3 Re6 {Normal} 0-1

[Event "Rated Blitz tournament nSTj7R6A"]
[Site "?"]
[Date "2021.03.24"]
[Round "?"]
[White "Pepeoutai"]
[Black "HaraldEtuna"]
[Result "1/2-1/2"]
[WhiteElo "2409"]
[BlackElo "2275"]
[PlyCount "62"]
[EventDate "2021.??.??"]
[EventType "blitz"]
[TimeControl "180+2"]

1. e4 Nf6 2. Nc3 e5 3. Nf3 Nc6 4. Nxe5 Nxe5 5. d4 Nc6 6. d5 Bb4 7. dxc6 Nxe4 8.
Qd4 Bxc3+ 9. bxc3 O-O 10. Be3 Nd6 11. cxd7 Bxd7 12. Bd3 Nf5 13. Bxf5 Bxf5 14.
Rc1 b6 15. O-O c5 16. Qf4 Qf6 17. h3 Qg6 18. Rfd1 Bxc2 19. Rd6 Qf5 20. Qxf5
Bxf5 21. Rcd1 h6 22. a3 Rfe8 23. g4 Be6 24. Kg2 Rac8 25. Kf3 Re7 26. h4 Bb3 27.
R1d2 Ba4 28. g5 hxg5 29. hxg5 Bc6+ 30. Kg3 Ree8 31. Rd1 Re6 {Normal} 1/2-1/2

[Event "Rated Blitz game"]
[Site "?"]
[Date "2021.03.24"]
[Round "?"]
[White "Aref2233"]
[Black "MauricioAriasCR"]
[Result "0-1"]
[WhiteElo "2361"]
[BlackElo "2454"]
[PlyCount "96"]
[EventDate "2021.??.??"]
[EventType "blitz"]
[TimeControl "180+2"]

1. e4 e5 2. Nf3 Nc6 3. Nc3 Nf6 4. Nxe5 Nxe5 5. d4 Ng6 6. e5 Ng8 7. Bc4 c6 8.
Qe2 N8e7 9. O-O d5 10. exd6 Qxd6 11. Ne4 Qc7 12. Ng5 Be6 13. Bxe6 fxe6 14. Nxe6
Qd6 15. c4 Kf7 16. Ng5+ Kg8 17. Re1 h6 18. Ne6 Kh7 19. Qe4 Rg8 20. h4 c5 21. h5
cxd4 22. hxg6+ Nxg6 23. Bf4 Qc6 24. Qd3 Bb4 25. Re5 Rge8 26. Nxd4 Qd7 27. Rxe8
Rxe8 28. Be3 Bc5 29. Rd1 Rd8 30. a3 Qg4 31. b4 Bxd4 32. Bxd4 Kg8 33. f3 Qg5 34.
c5 Nf4 35. Qb3+ Kh7 36. Qb2 Ne6 37. Rd2 Rxd4 38. Rxd4 Qe3+ 39. Qf2 Qxd4 40.
Qxd4 Nxd4 41. Kf2 Kg6 42. Ke3 Nc2+ 43. Kd3 Nxa3 44. Kd4 Kf6 45. Kd5 Ke7 46. g4
g6 47. f4 h5 48. gxh5 gxh5 {Normal} 0-1

[Event "Rated Blitz tournament 9fJg9bsZ"]
[Site "?"]
[Date "2021.03.24"]
[Round "?"]
[White "sim13a"]
[Black "Chessmaste"]
[Result "1-0"]
[WhiteElo "2366"]
[BlackElo "2419"]
[PlyCount "97"]
[EventDate "2021.??.??"]
[EventType "blitz"]
[TimeControl "240"]

1. e4 e5 2. Nf3 Nc6 3. Nc3 Nf6 4. Nxe5 Nxe5 5. d4 Nc6 6. d5 Bb4 7. dxc6 bxc6 8.
Bd3 O-O 9. O-O d5 10. exd5 cxd5 11. Bg5 c6 12. Qf3 Be7 13. Rfe1 Rb8 14. b3 h6
15. Bh4 Re8 16. Ne2 Rb4 17. Bg3 Bg4 18. Qe3 c5 19. c3 d4 20. cxd4 cxd4 21. Qf4
g5 22. Qd2 Rb6 23. Rac1 Bb4 24. Qb2 Bxe1 25. Rxe1 Rbe6 26. f3 Re3 27. Rd1 Bh5
28. Nxd4 Qb6 29. Bf2 R3e5 30. Nb5 Re1+ 31. Rxe1 Rxe1+ 32. Bf1 Rxf1+ 33. Kxf1
Qxb5+ 34. Ke1 Nd5 35. Qd2 Nf4 36. Qd8+ Kh7 37. Qd2 Nxg2+ 38. Kd1 Bxf3+ 39. Kc1
Nf4 40. Bd4 Ne2+ 41. Kb2 Nxd4 42. Qxd4 Qe2+ 43. Ka3 Qa6+ 44. Kb2 Qg6 45. a4 Qe4
46. Qf6 Qe2+ 47. Ka3 Qe6 48. Qd4 Qf5 49. Qh8+ {Time forfeit} 1-0

[Event "Rated Rapid game"]
[Site "?"]
[Date "2021.03.24"]
[Round "?"]
[White "shadowlyght"]
[Black "Aarushvinod"]
[Result "0-1"]
[WhiteElo "2287"]
[BlackElo "2433"]
[PlyCount "68"]
[EventDate "2021.??.??"]
[EventType "rapid"]
[TimeControl "600"]

1. e4 e5 2. Nf3 Nc6 3. Nc3 Nf6 4. Nxe5 Nxe5 5. d4 Ng6 6. e5 Ng8 7. Bd3 d6 8. f4
dxe5 9. fxe5 Bb4 10. Be3 N8e7 11. h4 Nd5 12. Bxg6 hxg6 13. Bd2 Rxh4 14. Rf1
Rxd4 15. Qf3 Be6 16. Rh1 Rh4 17. O-O-O Rxh1 18. Rxh1 Nxc3 19. Bxc3 Bf8 20. Rh8
Qg5+ 21. Bd2 Qxe5 22. Qa3 Qd6 23. Bb4 Qf4+ 24. Kd1 Rd8+ 25. Ke1 Qc1+ 26. Kf2
Qf4+ 27. Ke1 c5 28. Rxf8+ Kxf8 29. Bxc5+ Kg8 30. Be3 Qg3+ 31. Bf2 Qe5+ 32. Qe3
Qxb2 33. c3 Qb1+ 34. Ke2 Qd1# {Normal} 0-1

[Event "Rated Blitz game"]
[Site "?"]
[Date "2021.03.24"]
[Round "?"]
[White "Aref2233"]
[Black "TrenVirginijus"]
[Result "0-1"]
[WhiteElo "2393"]
[BlackElo "2469"]
[PlyCount "80"]
[EventDate "2021.??.??"]
[EventType "blitz"]
[TimeControl "180+2"]

1. e4 e5 2. Nf3 Nc6 3. Nc3 Nf6 4. Nxe5 Nxe5 5. d4 Ng6 6. e5 Ng8 7. Bc4 d5 8.
Bxd5 c6 9. Bc4 Be6 10. Bxe6 fxe6 11. Qg4 Qd7 12. O-O O-O-O 13. Be3 Nh6 14. Bxh6
gxh6 15. Rfd1 Rg8 16. Ne4 Be7 17. Nc5 Bxc5 18. dxc5 Nxe5 19. Qe2 Qg7 20. Rxd8+
Kxd8 21. f4 Nd7 22. Rd1 Kc8 23. b4 Qf6 24. g3 h5 25. Qxh5 Rg7 26. Qf3 Kc7 27.
c3 h5 28. Re1 h4 29. Qe3 hxg3 30. hxg3 Qf5 31. Kg2 Qd5+ 32. Qf3 Qxa2+ 33. Re2
Qd5 34. Qxd5 exd5 35. Kf3 Nf6 36. Re6 Ne4 37. g4 Nxc3 38. g5 d4 39. g6 d3 40.
Ke3 Nd5+ {Time forfeit} 0-1

[Event "Rated Blitz game"]
[Site "?"]
[Date "2021.03.24"]
[Round "?"]
[White "Aref2233"]
[Black "ChessNok102"]
[Result "0-1"]
[WhiteElo "2363"]
[BlackElo "2550"]
[PlyCount "56"]
[EventDate "2021.??.??"]
[EventType "blitz"]
[TimeControl "180+2"]

1. e4 e5 2. Nf3 Nf6 3. Nc3 Nc6 4. Nxe5 Nxe5 5. d4 Nc6 6. d5 Ne5 7. f4 Ng6 8. e5
Bb4 9. exf6 Bxc3+ 10. bxc3 Qxf6 11. Qd4 Qxd4 12. cxd4 d6 13. Bd3 Ne7 14. c4 Bf5
15. Kd2 b5 16. cxb5 Bxd3 17. Kxd3 a6 18. bxa6 Rxa6 19. a4 Kd7 20. Kc4 Rha8 21.
Kb3 Nxd5 22. Bd2 Rc6 23. Rhc1 Rb8+ 24. Ka3 Rcb6 25. Rc2 Rb3+ 26. Ka2 Rd3 27.
Rb1 Rxd2 28. Rxd2 Nc3+ {Time forfeit} 0-1

[Event "Titled Tuesday 23rd Mar"]
[Site "chess.com INT"]
[Date "2021.03.23"]
[Round "5"]
[White "Chylewski, Patryk"]
[Black "Urh, Zala"]
[Result "1-0"]
[WhiteElo "2323"]
[BlackElo "2187"]
[PlyCount "147"]
[EventDate "2021.03.23"]

1. e4 e5 2. Nf3 Nc6 3. Nc3 Nf6 4. Nxe5 Nxe5 5. d4 Nc6 6. d5 Bb4 7. dxc6 Nxe4 8.
Qd4 Bxc3+ 9. bxc3 O-O 10. Bd3 Nf6 11. cxd7 Qxd7 12. O-O Rd8 13. Rd1 Qxd4 14.
cxd4 Be6 15. Bb2 Rd6 16. c4 c6 17. Rab1 Rad8 18. Bc3 Bc8 19. f3 Nd7 20. Bb4 Rh6
21. Bd2 Rd6 22. Bf4 Re6 23. d5 cxd5 24. cxd5 Ree8 25. Bc7 Nc5 26. Bxd8 Rxd8 27.
Be4 g6 28. d6 b6 29. Bc6 Be6 30. a4 Kf8 31. a5 Bb3 32. axb6 axb6 33. Rd4 Ne6
34. Rd2 Nc5 35. Rd4 f5 36. Kf2 Kf7 37. Bd5+ Bxd5 38. Rxd5 Ke6 39. Rbd1 Rd7 40.
R5d4 Nb7 41. Re1+ Kf6 42. Rb1 Rxd6 43. Rxd6+ Nxd6 44. Rxb6 Ke5 45. Ra6 f4 46.
Ra7 h6 47. g3 g5 48. g4 Ke6 49. Ke2 Nf7 50. Kd3 Ne5+ 51. Ke4 Nf7 52. Ra6+ Ke7
53. Kf5 Nd6+ 54. Rxd6 Kxd6 55. Kg6 Kd5 56. Kxh6 Kd4 57. Kxg5 Ke3 58. h4 Kxf3
59. h5 Ke3 60. h6 f3 61. h7 f2 62. h8=Q f1=Q 63. Qe5+ Kd2 64. Qf4+ Qxf4+ 65.
Kxf4 Kd3 66. g5 Kd4 67. g6 Kd5 68. g7 Kd6 69. g8=Q Ke7 70. Qd5 Ke8 71. Qb7 Kf8
72. Kf5 Kg8 73. Kf6 Kf8 74. Qf7# 1-0

[Event "Rated Blitz game"]
[Site "?"]
[Date "2021.03.23"]
[Round "?"]
[White "brunosten"]
[Black "Metanoja"]
[Result "1-0"]
[WhiteElo "2453"]
[BlackElo "2464"]
[PlyCount "57"]
[EventDate "2021.??.??"]
[EventType "blitz"]
[TimeControl "180"]

1. e4 e5 2. Nf3 Nc6 3. Nc3 Nf6 4. Nxe5 Nxe5 5. d4 Ng6 6. e5 Bb4 7. exf6 Qxf6 8.
Be2 O-O 9. O-O c6 10. Ne4 Qe7 11. Ng3 d5 12. c3 Bd6 13. Re1 Qh4 14. Bd3 Bg4 15.
Qc2 Bd7 16. Be3 Rae8 17. Bf5 Bxf5 18. Qxf5 Re6 19. Bg5 Rfe8 20. Rxe6 fxe6 21.
Qxg6 Qxh2+ 22. Kxh2 hxg6 23. Re1 Kf7 24. Kg1 Rh8 25. Nf1 Rh5 26. Bd2 g5 27. g3
g4 28. Ne3 Rg5 29. Nc4 {Normal} 1-0

[Event "Rated Blitz tournament XmhfTiEy"]
[Site "?"]
[Date "2021.03.23"]
[Round "?"]
[White "baliajalah"]
[Black "YSA_kbpl"]
[Result "0-1"]
[WhiteElo "2451"]
[BlackElo "2346"]
[PlyCount "22"]
[EventDate "2021.??.??"]
[EventType "blitz"]
[TimeControl "180"]

1. e4 e5 2. Nf3 Nc6 3. Nc3 Nf6 4. Nxe5 Nxe5 5. d4 Bd6 6. dxe5 Bxe5 7. Bd3 O-O
8. O-O Re8 9. Re1 c6 10. f4 Bd4+ 11. Kh1 d5 {Normal} 0-1

[Event "Rated Blitz game"]
[Site "?"]
[Date "2021.03.23"]
[Round "?"]
[White "Henry940622"]
[Black "TonioToro"]
[Result "0-1"]
[WhiteElo "2306"]
[BlackElo "2436"]
[PlyCount "24"]
[EventDate "2021.??.??"]
[EventType "blitz"]
[TimeControl "180"]

1. e4 e5 2. Nf3 Nc6 3. Nc3 Nf6 4. Nxe5 Nxe5 5. d4 Ng6 6. e5 Ng8 7. Bc4 Bb4 8.
Qf3 Bxc3+ 9. bxc3 Qe7 10. a4 a6 11. Ba3 Nh4 12. Qf4 Nxg2+ {Normal} 0-1

[Event "Rated Blitz tournament EZca6zY3"]
[Site "?"]
[Date "2021.03.23"]
[Round "?"]
[White "khalid_ontawar"]
[Black "vitezizgorobilja"]
[Result "1-0"]
[WhiteElo "2295"]
[BlackElo "2404"]
[PlyCount "33"]
[EventDate "2021.??.??"]
[EventType "blitz"]
[TimeControl "240"]

1. e4 e5 2. Nc3 Nf6 3. Nf3 Nc6 4. Nxe5 Nxe5 5. d4 Nc6 6. d5 Nb8 7. e5 Ng8 8. d6
cxd6 9. exd6 Qb6 10. Nb5 Na6 11. Be3 Qa5+ 12. c3 g6 13. Qd4 f6 14. Bc4 Bg7 15.
Qd5 Nh6 16. Bxh6 Bxh6 17. Qf7+ {Normal} 1-0

[Event "Rated Blitz game"]
[Site "?"]
[Date "2021.03.23"]
[Round "?"]
[White "RoyalChessyoutube"]
[Black "Dima1103"]
[Result "0-1"]
[WhiteElo "2305"]
[BlackElo "2418"]
[PlyCount "122"]
[EventDate "2021.??.??"]
[EventType "blitz"]
[TimeControl "180+2"]

1. e4 e5 2. Nf3 Nc6 3. Nc3 Nf6 4. Nxe5 Nxe5 5. d4 Ng6 6. e5 Ng8 7. f4 d5 8. Bd3
f5 9. O-O h5 10. Ne2 h4 11. c3 c6 12. Qc2 Nh6 13. Kh1 Be6 14. Ng1 Qd7 15. Nf3
Be7 16. a4 a5 17. b3 Ng4 18. h3 Nh6 19. Ba3 Nf7 20. Bxe7 Nxe7 21. c4 g6 22. Qf2
Rd8 23. c5 Kf8 24. Rab1 Ra8 25. b4 axb4 26. Rxb4 Kg7 27. Nxh4 Ra5 28. Rfb1 Ra7
29. a5 Qd8 30. Rxb7 Rxa5 31. Nf3 Ra3 32. Bf1 g5 33. Nxg5 Nxg5 34. fxg5 Kg6 35.
g4 Rhxh3+ 36. Bxh3 Rxh3+ 37. Kg1 Qh8 38. Qg2 Rh7 39. gxf5+ Bxf5 40. Rf1 Rh4 41.
Rf3 Rg4 42. Rg3 Be4 43. Rxg4 Bxg2 44. Rxg2 Nf5 45. Rc7 Nxd4 46. Rf2 Qh4 47.
Rcf7 Qg3+ 48. Rg2 Nf3+ 49. Rxf3 Qxf3 50. Rf2 Qg3+ 51. Kf1 Qxe5 52. Rf6+ Kxg5
53. Rxc6 Kf4 54. Rd6 Qa1+ 55. Ke2 Qb2+ 56. Kd3 Qb3+ 57. Ke2 Qc2+ 58. Ke1 Qxc5
59. Rf6+ Ke3 60. Re6+ Kd3 61. Re2 Qg1# {Normal} 0-1

[Event "Rated Blitz game"]
[Site "?"]
[Date "2021.03.22"]
[Round "?"]
[White "Petr_Kruglikov"]
[Black "mishanya-kharkov"]
[Result "1-0"]
[WhiteElo "2391"]
[BlackElo "2526"]
[PlyCount "59"]
[EventDate "2021.??.??"]
[EventType "blitz"]
[TimeControl "180+2"]

1. e4 e5 2. Nf3 Nc6 3. Nc3 Nf6 4. Nxe5 Nxe5 5. d4 Ng6 6. e5 d6 7. exf6 Qxf6 8.
Bd3 c6 9. O-O d5 10. Re1+ Be7 11. Qe2 Be6 12. g3 O-O 13. f4 Qxd4+ 14. Be3 Qf6
15. f5 Ne5 16. Bd4 Nf3+ 17. Qxf3 Qxd4+ 18. Kg2 Bb4 19. Ne2 Qxb2 20. Rab1 Qa3
21. Rb3 Qa5 22. c3 Bc5 23. fxe6 fxe6 24. Nf4 Rae8 25. Qh5 g6 26. Nxg6 Rf2+ 27.
Kh1 Qc7 28. Nf4 e5 29. Qxe8+ Kg7 30. Ne6+ {Normal} 1-0

[Event "Rated Blitz game"]
[Site "?"]
[Date "2021.03.22"]
[Round "?"]
[White "Swordoftheword16"]
[Black "musik92"]
[Result "0-1"]
[WhiteElo "2502"]
[BlackElo "2483"]
[PlyCount "40"]
[EventDate "2021.??.??"]
[EventType "blitz"]
[TimeControl "180"]

1. e4 e5 2. Nf3 Nf6 3. Nc3 Nc6 4. Nxe5 Nxe5 5. d4 Ng6 6. e5 Ng8 7. Bc4 c6 8. f4
d5 9. Bd3 N8e7 10. g4 Nh4 11. O-O h5 12. f5 hxg4 13. Qxg4 Nexf5 14. Bxf5 Bxf5
15. Rxf5 Nxf5 16. Qxf5 Qd7 17. Qf3 Qh3 18. Qf2 Qg4+ 19. Kf1 Rh3 20. Ke1 Be7 {
Normal} 0-1

[Event "Rated Blitz game"]
[Site "?"]
[Date "2021.03.22"]
[Round "?"]
[White "Ebuhurejra"]
[Black "reminor"]
[Result "0-1"]
[WhiteElo "2435"]
[BlackElo "2273"]
[PlyCount "62"]
[EventDate "2021.??.??"]
[EventType "blitz"]
[TimeControl "180"]

1. e4 e5 2. Nf3 Nc6 3. Nc3 Nf6 4. Nxe5 Nxe5 5. d4 Nc6 6. d5 Ne5 7. f4 Ng6 8. e5
Ng8 9. Qd4 d6 10. Bb5+ Bd7 11. O-O Bxb5 12. Nxb5 Qd7 13. c4 a6 14. Nc3 c5 15.
Qe4 O-O-O 16. e6 fxe6 17. dxe6 Qc6 18. Nd5 Nf6 19. Qf5 Ne7 20. Nxe7+ Bxe7 21.
Bd2 Qe4 22. Qh3 Qxc4 23. Rae1 h5 24. b4 Ng4 25. Kh1 Kb8 26. f5 cxb4 27. Bf4 Ka8
28. Rc1 Qb5 29. Bg3 Rc8 30. Rxc8+ Rxc8 31. Qxh5 Qxf1# {Normal} 0-1

[Event "Rated Blitz game"]
[Site "?"]
[Date "2021.03.21"]
[Round "?"]
[White "Ebuhurejra"]
[Black "jncool68"]
[Result "0-1"]
[WhiteElo "2410"]
[BlackElo "2593"]
[PlyCount "86"]
[EventDate "2021.??.??"]
[EventType "blitz"]
[TimeControl "180"]

1. e4 e5 2. Nf3 Nc6 3. Nc3 Nf6 4. Nxe5 Nxe5 5. d4 Ng6 6. e5 Ng8 7. Bc4 d5 8.
Bxd5 c6 9. Bb3 Be6 10. O-O Bb4 11. Ne4 Qh4 12. Qf3 Qg4 13. Qxg4 Bxg4 14. c3 Be7
15. f4 Nh6 16. h3 Be6 17. g4 Bxb3 18. axb3 Ng8 19. f5 Nf8 20. Bf4 h6 21. c4 Nh7
22. d5 Ng5 23. Bxg5 hxg5 24. Kg2 cxd5 25. cxd5 Bb4 26. Rac1 Ne7 27. Rfd1 Rd8
28. Rc4 a5 29. d6 Nc6 30. e6 fxe6 31. fxe6 O-O 32. e7 Nxe7 33. dxe7 Rxd1 34.
exf8=Q+ Kxf8 35. Nxg5 Rd2+ 36. Kf3 Rxb2 37. Ne6+ Ke7 38. Nd4 Bd6 39. Nf5+ Ke6
40. Re4+ Kf6 41. Nxd6 Rxb3+ 42. Kf4 Rxh3 43. Nf5 g5# {Normal} 0-1

[Event "Rated Blitz tournament UdUGP9OC"]
[Site "?"]
[Date "2021.03.21"]
[Round "?"]
[White "KBPL_JUNIOR"]
[Black "Chessmaste"]
[Result "0-1"]
[WhiteElo "2300"]
[BlackElo "2431"]
[PlyCount "72"]
[EventDate "2021.??.??"]
[EventType "blitz"]
[TimeControl "180"]

1. e4 e5 2. Nf3 Nc6 3. Nc3 Nf6 4. Nxe5 Nxe5 5. d4 Nc6 6. e5 Be7 7. exf6 Bxf6 8.
Be3 d5 9. Qd2 O-O 10. O-O-O Re8 11. h3 a6 12. Bd3 b5 13. Ne2 a5 14. Bxb5 Bd7
15. Qc3 Nb4 16. Qc5 Be7 17. Bxd7 Qxd7 18. Qc3 Nxa2+ 19. Kb1 Nxc3+ 20. Nxc3 Rab8
21. Bc1 Ba3 22. Ka2 Bb4 23. Bd2 Bxc3 24. Bxc3 Qa4+ 25. Kb1 Qc4 26. Kc1 a4 27.
Kd2 a3 28. Rhe1 Rxe1 29. Rxe1 axb2 30. Bxb2 f6 31. Bc3 Ra8 32. Re7 Ra2 33. Re8+
Kf7 34. Rb8 Qa4 35. Bb2 Rxb2 36. Rxb2 Qxd4+ {Normal} 0-1

[Event "Rated Blitz game"]
[Site "?"]
[Date "2021.03.21"]
[Round "?"]
[White "Pepeoutai"]
[Black "extermo44"]
[Result "0-1"]
[WhiteElo "2419"]
[BlackElo "2485"]
[PlyCount "36"]
[EventDate "2021.??.??"]
[EventType "blitz"]
[TimeControl "180+2"]

1. e4 e5 2. Nf3 Nc6 3. Nc3 Nf6 4. Nxe5 Nxe5 5. d4 Ng6 6. e5 Ng8 7. Bc4 d6 8.
Qf3 Qd7 9. O-O dxe5 10. Re1 Bd6 11. dxe5 Nxe5 12. Bf4 f6 13. Bxg8 Rxg8 14. Qh5+
Qf7 15. Qxh7 Be6 16. Bxe5 fxe5 17. Ne4 O-O-O 18. Ng5 Qf5 {Normal} 0-1

[Event "Rated Blitz game"]
[Site "?"]
[Date "2021.03.21"]
[Round "?"]
[White "vvvvvamos"]
[Black "sergeikim2003"]
[Result "0-1"]
[WhiteElo "2527"]
[BlackElo "2394"]
[PlyCount "48"]
[EventDate "2021.??.??"]
[EventType "blitz"]
[TimeControl "180"]

1. e4 e5 2. Nc3 Nf6 3. Nf3 Nc6 4. Nxe5 Nxe5 5. d4 Ng6 6. e5 Bb4 7. exf6 Qxf6 8.
Be2 d5 9. O-O c6 10. Bf3 O-O 11. g3 Bh3 12. Re1 Rfe8 13. Be3 Bd6 14. Bg4 Bxg4
15. Qxg4 h6 16. h4 b5 17. h5 Nf8 18. Re2 b4 19. Na4 Re4 20. Qh3 Rae8 21. Rae1
Qf3 22. Rd2 Ne6 23. Red1 Ng5 24. Bxg5 Re1+ {Normal} 0-1

[Event "Rated Blitz tournament MVI9PgqG"]
[Site "?"]
[Date "2021.03.20"]
[Round "?"]
[White "carloseduar100"]
[Black "PabloAlcobaa"]
[Result "0-1"]
[WhiteElo "2289"]
[BlackElo "2426"]
[PlyCount "56"]
[EventDate "2021.??.??"]
[EventType "blitz"]
[TimeControl "180"]

1. e4 e5 2. Nf3 Nc6 3. Nc3 Nf6 4. Nxe5 Nxe5 5. d4 Bd6 6. dxe5 Bxe5 7. Bc4 O-O
8. Kf1 Bxc3 9. bxc3 Nxe4 10. Qf3 d5 11. Bd3 f5 12. c4 Be6 13. cxd5 Bxd5 14. Bb2
Nd2+ 15. Ke2 Nxf3 16. gxf3 Qe7+ 17. Kd2 Bxf3 18. Rhg1 Rf7 19. Rae1 Qd7 20. Kc1
Be4 21. Bc4 Bd5 22. Rd1 c6 23. Bd3 Re8 24. Kb1 Qe6 25. a3 Be4 26. Rde1 Qd5 27.
Bf1 Bxc2+ 28. Kxc2 Rxe1 {Normal} 0-1

[Event "Rated Blitz game"]
[Site "?"]
[Date "2021.03.19"]
[Round "?"]
[White "maximsnigurov"]
[Black "diolley"]
[Result "0-1"]
[WhiteElo "2569"]
[BlackElo "2523"]
[PlyCount "94"]
[EventDate "2021.??.??"]
[EventType "blitz"]
[TimeControl "180"]

1. Nc3 e5 2. e4 Nf6 3. Nf3 Nc6 4. Nxe5 Nxe5 5. d4 Ng6 6. e5 Ng8 7. Bc4 d5 8.
Bxd5 c6 9. Bb3 Be6 10. h4 Nxh4 11. Qh5 Ng6 12. Be3 Bb4 13. f4 N8e7 14. g4 Bxc3+
15. bxc3 Bxb3 16. axb3 Qd5 17. O-O-O Qa5 18. Kb2 Nd5 19. Bd2 Ngxf4 20. Qf5 g6
21. Qe4 Ne6 22. c4 Nb4 23. Ra1 Qb6 24. c5 Qb5 25. c4 Nxc5 26. dxc5 Qxc5 27. e6
O-O 28. Rxh7 Kxh7 29. Rh1+ Kg8 30. exf7+ Rxf7 31. Qxg6+ Rg7 32. Qe6+ Rf7 33.
Bc3 Qf2+ 34. Ka3 Nc2+ 35. Ka4 b5+ 36. cxb5 cxb5+ 37. Ka5 Qb6+ 38. Qxb6 axb6+
39. Kxb6 Rb8+ 40. Ka6 Rh7 41. Rc1 Ne3 42. Bd4 Nd5 43. Rc5 Rh6+ 44. Ka5 Ra8+ 45.
Kxb5 Rb8+ 46. Kc4 Nb6+ 47. Kc3 Rc8 {Time forfeit} 0-1

[Event "Rated Blitz game"]
[Site "?"]
[Date "2021.03.19"]
[Round "?"]
[White "EyeoftheTiger2007"]
[Black "Jakob19"]
[Result "0-1"]
[WhiteElo "2327"]
[BlackElo "2421"]
[PlyCount "47"]
[EventDate "2021.??.??"]
[EventType "blitz"]
[TimeControl "180"]

1. e4 e5 2. Nf3 Nf6 3. Nc3 Nc6 4. Nxe5 Nxe5 5. d4 Ng6 6. e5 Bb4 7. exf6 Qxf6 8.
Be2 O-O 9. O-O Bxc3 10. bxc3 d5 11. Bf3 c6 12. Rb1 Re8 13. g3 Bh3 14. Re1 b5
15. Bg2 Bxg2 16. Kxg2 a6 17. Be3 Re6 18. Qd2 Rae8 19. Bg5 Qf5 20. Rxe6 Qxe6 21.
h4 h6 22. Be3 Qe4+ 23. Kh2 Qf3 24. Qe2 {Normal} 0-1